Music Quiz

Random Music or Song Quiz

Pink Floyd Opening and Closing Songs Quiz Stats

 Plays Quiz not verified by Sporcle

Score 0/30 Timer 06:00
0 Plays Today
Album Song % Correct
Wish You Were HereShine On You Crazy Diamond, Pts. I-V
93.9%
Wish You Were HereShine On You Crazy Diamond, Pts. VI-IX
93.9%
The Dark Side of the MoonSpeak to Me/Breathe
92.7%
The Dark Side of the MoonEclipse
92.7%
AnimalsPigs on the Wing, Pt. I
91.1%
AnimalsPigs on the Wing, Pt. II
91.1%
MeddleEchoes
89.4%
The WallIn the Flesh?
85.5%
MeddleOne of These Days
84.9%
Atom Heart MotherAtom Heart Mother
82.7%
The WallOutside the Wall
82.7%
The Piper at the Gates of DawnAstronomy Domine
76%
UmmagummaAstronomy Domine
76%
The Piper at the Gates of DawnBike
74.3%
The Division BellHigh Hopes
73.7%
Album Song % Correct
The Endless RiverLouder Than Words
72.3%
Atom Heart MotherAlan's Psychedelic Breakfast
68.7%
Obscured by CloudsObscured by Clouds
61.5%
A Momentary Lapse of ReasonSorrow
58.7%
A Saucerful of SecretsLet There Be More Light
57.5%
The Division BellCluster One
57%
The Final CutTwo Suns in the Sunset
55.9%
A Saucerful of SecretsJugband Blues
55.3%
The Final CutThe Post War Dream
54.7%
A Momentary Lapse of ReasonSigns of Life
53.6%
MoreCirrus Minor
44.1%
Obscured by CloudsAbsolutely Curtains
41.3%
The Endless RiverThings Left Unsaid
40%
UmmagummaThe Grand Vizier's Garden Party
39.1%
MoreDramatic Theme
34.6%

You're not logged in!

Compare scores with friends on all Sporcle quizzes.
OR
Log In

Sporcle TV

Today on Sporcle TV


Watch our educational content, quiz creation guides, and fun videos on Sporcle TV.

Show Comments

Extras

Top Quizzes Today


Score Distribution

Your Account Isn't Verified!

In order to create a playlist on Sporcle, you need to verify the email address you used during registration. Go to your Sporcle Settings to finish the process.

Report this User

Report this user for behavior that violates our Community Guidelines.

Details: